Materská škola 2020

Uložené v:
Podrobná bibliografia
Hlavný autor: Meszárosová, Soňa (Autor)
Ďalší autori: Pifko, Henrich (Vedúci práce)
Médium: Rukopis Kniha
Jazyk:Slovak
Vydavateľské údaje: Bratislava 2017
Predmet:
On-line prístup:http://is.stuba.sk/zp/portal_zp.pl?podrobnosti=121604
Tagy: Pridať tag
Žiadne tagy, Buďte prvý, kto otaguje tento záznam!

MARC

LEADER 00000ntm a22000003a 4500
001 stuzp63666
003 SK-STU
005 20210212131542.4
007 ta
008 150427s2015----xo-----f-mn---000-0-slo-d
040 |a STU  |b slo 
041 0 |a slo 
100 1 |a Meszárosová, Soňa  |u 052120  |4 aut  |U FAD Fakulta architektúry  |T FA Ústav ekologickej a experimentálnej architektúry  |X 67922  |U A2120  |Y 393  |7 A000067922 
242 0 1 |a Kindergarten 2020  |y eng 
245 1 0 |a Materská škola 2020 
260 |c 2017  |a Bratislava 
650 4 |a materská škola  |2 slo 
650 4 |a rekonštrukcia  |2 slo 
650 4 |a solárna energia  |2 slo 
650 4 |a solar energy  |2 eng 
650 4 |a reconstruction  |2 eng 
650 4 |a kindergarten  |2 eng 
700 1 |a Pifko, Henrich  |u 052120  |k Z1  |4 ths  |U FAD Fakulta architektúry  |T FA Ústav ekologickej a experimentálnej architektúry  |X 449  |U A2120  |Y 393  |7 A000000449 
856 4 |u http://is.stuba.sk/zp/portal_zp.pl?podrobnosti=121604  |u https://opac.crzp.sk/?fn=detailBiblioForm&sid=E7FF18FD4FFD5019D8FDEF3CC38C